Základní směry sociálně ekonomického rozvoje socialistického zemědělství

Na minha lista:
Detalhes bibliográficos
Autor principal: Kabrhel, Jaroslav
Formato: Livro
Idioma:tcheco
Publicado em: Praha Státní zemědělské nakladatelství 1983
Tags: Adicionar Tag
Sem tags, seja o primeiro a adicionar uma tag!

MARC

LEADER 00000nam a2200000 4500
001 c115328
005 20041019155201.0
041 0 |a cze 
044 |a CZ 
245 1 0 |a Základní směry sociálně ekonomického rozvoje socialistického zemědělství  |c Jaroslav Kabrhel a kol. 
264 1 |a Praha  |b Státní zemědělské nakladatelství  |c 1983 
300 |a 129 s. 
100 1 |a Kabrhel, Jaroslav